ბათუმის შოთა რუსთაველის სახელმწიფო უნივერსიტეტის ბიბლიოთეკა

ქვეყნად მრავალი გზაა (ბიბ.ჩანაწერი № 50088)

000 -LEADER
fixed length control field 00890nam a2200229Ia 4500
001 - CONTROL NUMBER
control field 17026
003 - CONTROL NUMBER IDENTIFIER
control field GE_BSU
008 - FIXED-LENGTH DATA ELEMENTS--GENERAL INFORMATION
fixed length control field 181216s||||||||xx |||||||||||||| ||und||
040 ## - CATALOGING SOURCE
Transcribing agency GE_BSU
080 ## - UNIVERSAL DECIMAL CLASSIFICATION NUMBER
Universal Decimal Classification number 821.161.1-32
100 ## - MAIN ENTRY--PERSONAL NAME
Personal name კუზნეცოვა, აგნია
245 ## - TITLE STATEMENT
Title ქვეყნად მრავალი გზაა
245 ## - TITLE STATEMENT
Remainder of title მოთხრობები
245 ## - TITLE STATEMENT
Statement of responsibility, etc. ს. მიხალკოვის წინასიტყვ. ; თარგმნა დ. გაბუნიამ. რედ. დ. ქადაგიშვილი. მხატვ. ხ. მახარაძე
260 ## - PUBLICATION, DISTRIBUTION, ETC.
Place of publication, distribution, etc. თბილისი
260 ## - PUBLICATION, DISTRIBUTION, ETC.
Name of publisher, distributor, etc. ნაკადული
260 ## - PUBLICATION, DISTRIBUTION, ETC.
Date of publication, distribution, etc. 1976
300 ## - PHYSICAL DESCRIPTION
Extent 407გვ. ; 20სმ.
653 ## - INDEX TERM--UNCONTROLLED
Uncontrolled term მოთხრობები
653 ## - INDEX TERM--UNCONTROLLED
Uncontrolled term ქვეყნად მრავალი გზაა
942 ## - ADDED ENTRY ELEMENTS (KOHA)
Koha item type წიგნი
ეგზემპლარები
Withdrawn status Lost status Damaged status Not for loan Date acquired Barcode Date last seen Price effective from Koha item type
        2018-12-17 21361 2018-12-17 2018-12-17 წიგნი
        2018-12-17 21362 2018-12-17 2018-12-17 წიგნი
        2018-12-17 21363 2018-12-17 2018-12-17 წიგნი
        2018-12-17 21364 2018-12-17 2018-12-17 წიგნი